01526cam a22003254a 4500999001700000001000900017005001700026008004100043010001700084020001800101040001300119042000800132050002400140100002300164245004500187250001200232260005300244300007400297490002200371500002000393500005600413650002400469906004500493942003400538952012400572952012600696952012600822952012600948952012601074 c16507d165071652995020161114115718.0101103s2011 maua 001 0 eng  a 2010940572 a9780495916147 aDLCcDLC apcc00aMT6.H565 bM87 20111 aHoffer, Charles R.10aMusic listening today /cCharles Hoffer. a4th ed. aBoston, MA :bSchirmer Cengage Learning,c[2011] axxxi, 383 p. :bill. ;c28 cm. +e2 sound discs (digital ; 4 3/4 in.)0 aCengage advantage aIncludes index. aLC copy 2 lacks accompanying sound recordings.5DLC 0aMusic appreciation. a7bcbccorignewd2eepcnf20gy-gencatlg 2lcccBOOKShMT6.H565 M87 2011 00102lcc4070aMUCbMUCcTECHd2016-11-14eDonation (BFA)l0oMT6.H565 M87 2011p27806r2018-06-25w2016-11-14yBOOKS 00102lcc4070aMUCbMUCcTECHd2016-11-29eDonation (BFA)l0oMT6 .H565 M87 2011p29135r2018-06-12w2016-11-29yBOOKS 00102lcc4070aMUCbMUCcTECHd2016-11-29eDonation (BFA)l0oMT6 .H565 M87 2011p29136r2016-11-29w2016-11-29yBOOKS 00102lcc4070aMUCbMUCcTECHd2016-11-29eDonation (BFA)l0oMT6 .H565 M87 2011p29137r2018-06-14w2016-11-29yBOOKS 00102lcc4070aMUCbMUCcTECHd2016-11-29eDonation (BFA)l0oMT6 .H565 M87 2011p29134r2018-06-08w2016-11-29yBOOKS